000 00874cab a2200301 4500
001 ABS53992
008 090401t1995 xxu||||| |||| 00| 0 eng d
035 _a(Sirsi) u7794
041 _aeng
100 _aPinnell, C.
245 _aGeographic information systems
260 _c1995
350 _a0
490 _aSurveyor
_v182(5365) 16 November 1995, 14-31(12)
520 _aA feature on GIS, including its use for sludge recycling, safeguarding archaeological sites, water metering and uses in local government.
650 _aARCHAEOLOGICAL SITES
650 _aGIS
650 _aPPG16
650 _aSLUDGE RECYCLING
650 _aWATER METERING
690 _aMANAGEMENT-BUSINESS MANAGEMENT-INFORMATION MANAGEMENT
700 _aNiblett, R.
700 _aGreen, J.
700 _aHopkins, G.
700 _aPeel, R.
942 _n0
948 _c04/03/1997
999 _c4741
_d4741